Reporting on risk : how the mass media portray accidents, diseases, disasters, and other hazards /

Bibliographic Details
Main Author: Singer, Eleanor
Other Authors: Endreny, Phyllis M. (Phyllis Mildred), 1944-
Format: Book
Language:English
Published: New York : Russell Sage Foundation, [1993]
Subjects:

MARC

Tag First Indicator Second Indicator Subfields
LEADER 00000cam a22000008a 4500
001 in00001138021
005 20150930084917.0
008 921106s1993 nyu b 001 0 eng
010 |a  92040130  
020 |a 0871548011 
035 |a (OCoLC)27149773 
035 |9 AFX8064AM 
040 |a DLC  |c DLC  |d COX  |d TXA  |d UtOrBLW 
049 |a TXAM 
050 0 0 |a PN4784.D57  |b S56 1993 
082 0 0 |a 070.4/49904  |2 20 
100 1 |a Singer, Eleanor. 
245 1 0 |a Reporting on risk :  |b how the mass media portray accidents, diseases, disasters, and other hazards /  |c Eleanor Singer, Phyllis M. Endreny. 
263 |a 9302 
264 1 |a New York :  |b Russell Sage Foundation,  |c [1993] 
264 4 |c ©1993 
300 |a x, 244 pages ;  |c 24 cm. 
336 |a text  |b txt  |2 rdacontent 
337 |a unmediated  |b n  |2 rdamedia 
338 |a volume  |b nc  |2 rdacarrier 
504 |a Includes bibliographical references and index. 
650 0 |a Disasters  |x Press coverage. 
650 0 |a Reporters and reporting. 
650 0 |a Television broadcasting of news. 
700 1 |a Endreny, Phyllis M.  |q (Phyllis Mildred),  |d 1944- 
999 |a MARS 
999 f f |s 1b8c7067-1f63-3658-b483-49d95b381860  |i adb3aa94-93ec-3fae-8a9c-56abd243728a  |t 0 
952 f f |p normal  |a Texas A&M University  |b College Station  |c Sterling C. Evans Library  |d Evans: Library Stacks  |t 0  |e PN4784.D57 S56 1993  |h Library of Congress classification  |i unmediated -- volume  |m A14817391972 
998 f f |a PN4784.D57 S56 1993  |t 0  |l Evans: Library Stacks